[Event "ZI-2017-0-02309"]
[Site "LSS email"]
[Date "2017.06.17"]
[Round "?"]
[White "Salas Morera, Lorenzo"]
[Black "Karasev, Aleksandr"]
[Result "1/2-1/2"]
[WhiteElo "2028"]
[BlackElo "1933"]
[PlyCount "78"]
[EventDate "2017.06.08"]
[EventType "match (corr)"]
[EventRounds "2"]
[EventCountry "GER"]
[SourceTitle "Corr 2022"]
[Source "ChessBase"]
[SourceDate "2021.10.24"]
[SourceVersion "1"]
[SourceVersionDate "2021.10.24"]
[SourceQuality "1"]

1. e4 e5 2. Nf3 Nc6 3. Bb5 Nf6 4. 0-0 Nxe4 5. d4 Nd6 6. Bxc6 dxc6 7. dxe5 Nf5 8. Qxd8+ Kxd8 9. Rd1+ Ke8 10. Nc3 Be7 11. b3 Be6 12. Bb2 Rd8 13. Rxd8+ Kxd8 14. Rd1+ Kc8 15. g4 Nh4 16. Nxh4 Bxh4 17. h3 h5 18. f3 Re8 19. Ne2 g6 20. Nf4 Bg5 21. Bc1 Bd7 22. Nd3 Be7 23. Kg2 a5 24. Kg3 b6 25. Bh6 Rg8 26. Nf4 f6 27. e6 Be8 28. Ng2 c5 29. gxh5 Bd6+ 30. Kf2 gxh5 31. Ne3 Bg6 32. Nd5 Bxc2 33. Rd2 Bf5 34. e7 Bg3+ 35. Ke3 Re8 36. Bf8 Be5 37. f4 Ba1 38. Rd1 Bb2 39. Rd2 Ba1 1/2-1/2

[Event "ZI-2017-0-02280"]
[Site "LSS email"]
[Date "2017.03.14"]
[Round "?"]
[White "Perez Garcia, Miguel"]
[Black "Salas Morera, Lorenzo"]
[Result "0-1"]
[WhiteElo "1665"]
[BlackElo "2023"]
[PlyCount "76"]
[EventDate "2017.03.08"]
[EventType "match (corr)"]
[EventRounds "2"]
[EventCountry "GER"]
[SourceTitle "Corr 2022"]
[Source "ChessBase"]
[SourceDate "2021.10.24"]
[SourceVersion "1"]
[SourceVersionDate "2021.10.24"]
[SourceQuality "1"]

1. d4 Nf6 2. Bf4 g6 3. Nf3 Bg7 4. e3 0-0 5. Bd3 d5 6. c4 c5 7. Nc3 Nc6 8. 0-0 cxd4 9. Nxd4 Nxd4 10. exd4 b6 11. Be5 Bb7 12. Re1 dxc4 13. Bxc4 e6 14. Re3 Rc8 15. Bb3 Nd5 16. Bxd5 Bxd5 17. Nxd5 Qxd5 18. Re2 Rfd8 19. Qe1 Qc6 20. h3 Rd5 21. Qb4 Qd7 22. Rae1 Bxe5 23. dxe5 Rd4 24. Qb3 Rd2 25. Qe3 Rcc2 26. Rxd2 Qxd2 27. Qxd2 Rxd2 28. Rb1 g5 29. Kf1 Kg7 30. a4 Kg6 31. g4 h5 32. b3 hxg4 33. hxg4 Rd5 34. Rc1 Rxe5 35. Rc7 Re4 36. Rxa7 Rxg4 37. a5 bxa5 38. Rxa5 Rb4 0-1

[Event "ZI-2017-0-02280"]
[Site "LSS email"]
[Date "2017.03.14"]
[Round "?"]
[White "Salas Morera, Lorenzo"]
[Black "Perez Garcia, Miguel"]
[Result "1-0"]
[WhiteElo "2023"]
[BlackElo "1665"]
[PlyCount "81"]
[EventDate "2017.03.08"]
[EventType "match (corr)"]
[EventRounds "2"]
[EventCountry "GER"]
[SourceTitle "Corr 2022"]
[Source "ChessBase"]
[SourceDate "2021.10.24"]
[SourceVersion "1"]
[SourceVersionDate "2021.10.24"]
[SourceQuality "1"]

1. e4 c5 2. Nf3 d6 3. d4 cxd4 4. Nxd4 Nf6 5. f3 e5 6. Nb3 Be6 7. c4 Be7 8. Be3 Nfd7 9. Be2 Nc6 10. Nc3 0-0 11. Qd2 a5 12. Rd1 a4 13. Nc1 Nd4 14. 0-0 Bf6 15. Bxd4 exd4 16. Nb5 Ne5 17. b3 Qb6 18. Kh1 Nc6 19. Nxd6 axb3 20. axb3 Na7 21. Qf4 Be7 22. Nf5 Bxf5 23. Qxf5 Nc6 24. e5 g6 25. Qe4 Ba3 26. Nd3 Qxb3 27. f4 Qc2 28. c5 Rfe8 29. Bf3 Rad8 30. Ra1 Ra8 31. Rab1 Re7 32. Rfd1 Rae8 33. Qd5 Ra8 34. Qd6 Re6 35. Qd7 Rd8 36. Qc7 Re7 37. Qb6 Ra8 38. Bxc6 bxc6 39. f5 Qa4 40. f6 Ree8 41. e6 1-0

[Event "ZI-2017-0-02261"]
[Site "LSS email"]
[Date "2017.01.16"]
[Round "?"]
[White "Salas Morera, Lorenzo"]
[Black "Kerecsenyi, Zoltan"]
[Result "1-0"]
[WhiteElo "2011"]
[BlackElo "1490"]
[PlyCount "73"]
[EventDate "2017.01.08"]
[EventType "match (corr)"]
[EventRounds "2"]
[EventCountry "GER"]
[SourceTitle "Corr 2022"]
[Source "ChessBase"]
[SourceDate "2021.10.24"]
[SourceVersion "1"]
[SourceVersionDate "2021.10.24"]
[SourceQuality "1"]

1. e4 Nc6 2. Nf3 d6 3. d4 g6 4. d5 Nb8 5. c4 Bg7 6. Be2 Bg4 7. 0-0 Nd7 8. Nc3 Bxf3 9. Bxf3 Ngf6 10. Be3 0-0 11. Be2 Re8 12. f3 a6 13. c5 c6 14. dxc6 bxc6 15. cxd6 exd6 16. Qxd6 Re6 17. Qd2 Qa5 18. Rfd1 Bf8 19. Kh1 Rd8 20. Nd5 Qxd2 21. Nxf6+ Nxf6 22. Rxd2 Rxd2 23. Bxd2 c5 24. Bc3 Nd5 25. Bc4 Nxc3 26. Bxe6 Na4 27. b3 fxe6 28. bxa4 Bg7 29. Rc1 Bd4 30. e5 a5 31. g3 g5 32. f4 gxf4 33. gxf4 Kf7 34. Kg2 Kg6 35. Kf3 Kf5 36. h4 h6 37. h5 1-0

[Event "ZI-2016-0-02215"]
[Site "LSS email"]
[Date "2016.10.04"]
[Round "?"]
[White "Salas Morera, Lorenzo"]
[Black "Sandocal, Uzmir"]
[Result "1-0"]
[WhiteElo "2010"]
[BlackElo "1746"]
[PlyCount "99"]
[EventDate "2016.09.22"]
[EventType "match (corr)"]
[EventRounds "2"]
[EventCountry "GER"]
[SourceTitle "Corr 2022"]
[Source "ChessBase"]
[SourceDate "2021.10.24"]
[SourceVersion "1"]
[SourceVersionDate "2021.10.24"]
[SourceQuality "1"]

1. e4 e5 2. Nf3 Nc6 3. Bb5 a6 4. Ba4 Nf6 5. 0-0 Be7 6. Re1 b5 7. Bb3 d6 8. c3 0-0 9. h3 Na5 10. Bc2 c5 11. d4 cxd4 12. cxd4 Bb7 13. d5 Qc7 14. Nbd2 Rac8 15. Bd3 Nd7 16. Nf1 f5 17. Ng3 f4 18. Nf5 Rxf5 19. exf5 Nf6 20. Ng5 Qd7 21. b3 Bxd5 22. Ba3 Nc6 23. Rc1 Kh8 24. Bb2 Kg8 25. Bb1 h6 26. Ne6 Bxe6 27. fxe6 Qxe6 28. Qf3 Qd7 29. a4 bxa4 30. bxa4 Rc7 31. Bd3 d5 32. Bxa6 Bb4 33. Red1 Qd6 34. Bc4 Nd4 35. Bxd4 dxc4 36. Ba7 e4 37. Rxd6 exf3 38. Rd8+ Kh7 39. Bb6 Rc6 40. a5 Be7 41. Rd4 c3 42. Ra4 Nd5 43. Bd4 Ra6 44. Bxc3 fxg2 45. Kxg2 Nxc3 46. Rxc3 Bd8 47. Rc5 Bb6 48. Rb5 Bd8 49. Kf3 Bc7 50. h4 1-0

[Event "ZI-2016-0-02175"]
[Site "LSS email"]
[Date "2016.06.13"]
[Round "?"]
[White "Salas Morera, Lorenzo"]
[Black "Krol, Wladyslaw"]
[Result "1-0"]
[WhiteElo "1997"]
[BlackElo "1905"]
[PlyCount "75"]
[EventDate "2016.06.01"]
[EventType "match (corr)"]
[EventRounds "2"]
[EventCountry "GER"]
[SourceTitle "Corr 2022"]
[Source "ChessBase"]
[SourceDate "2021.10.24"]
[SourceVersion "1"]
[SourceVersionDate "2021.10.24"]
[SourceQuality "1"]

1. e4 e5 2. Nf3 Nc6 3. Bb5 a6 4. Ba4 Nf6 5. 0-0 Ng4 6. h3 h5 7. c3 Bc5 8. d4 Ba7 9. Na3 Kf8 10. d5 Ne7 11. d6 cxd6 12. hxg4 hxg4 13. Ng5 d5 14. Bb3 f6 15. exd5 Ng8 16. Qxg4 fxg5 17. d6 Qe8 18. Qxg5 Nf6 19. Be3 Qh5 20. Qxh5 Rxh5 21. Bxa7 Rxa7 22. f4 e4 23. g4 Rc5 24. g5 Ne8 25. Rad1 a5 26. Kf2 Ra6 27. Rh1 Nxd6 28. Rh8+ Ke7 29. Nc2 a4 30. Bd5 Rb6 31. Nb4 a3 32. bxa3 Nb5 33. Bb3 Nxc3 34. Rc1 Kd6 35. Rg8 Rbb5 36. Rxg7 e3+ 37. Ke1 Ne4 38. Rd1+ 1-0

[Event "ZI-2015-0-01978"]
[Site "LSS email"]
[Date "2015.06.03"]
[Round "?"]
[White "Krol, Wladyslaw"]
[Black "Salas Morera, Lorenzo"]
[Result "1/2-1/2"]
[WhiteElo "2010"]
[BlackElo "1964"]
[PlyCount "65"]
[EventDate "2015.05.21"]
[EventType "match (corr)"]
[EventRounds "2"]
[EventCountry "GER"]
[SourceTitle "Corr 2022"]
[Source "ChessBase"]
[SourceDate "2021.10.24"]
[SourceVersion "1"]
[SourceVersionDate "2021.10.24"]
[SourceQuality "1"]

1. e4 c5 2. f4 e6 3. Nf3 Be7 4. Nc3 Nf6 5. b3 0-0 6. Ng5 Nc6 7. Bb2 d5 8. e5 Ne8 9. h4 h6 10. Bd3 d4 11. Nce4 Nb4 12. Qe2 Qc7 13. c3 dxc3 14. dxc3 Nxd3+ 15. Qxd3 f5 16. exf6 c4 17. bxc4 gxf6 18. Nf3 Rf7 19. g4 b6 20. 0-0-0 Qxf4+ 21. Nfd2 Bb7 22. Rhf1 Bxe4 23. Qd4 Qe5 24. Nxe4 Qxd4 25. cxd4 Rc8 26. c5 f5 27. gxf5 exf5 28. Ng3 Nd6 29. Rf4 Kh7 30. Rd3 bxc5 31. Kd1 cxd4 32. Bxd4 Bf8 33. h5 1/2-1/2